Countries Visited by Ronald Reagan - Statistics

General Stats
  • This quiz has been taken 64 times
  • The average score is 19 of 26
Answers on the Map
Answers color-coded by a green-red scale on the quiz's map according to % correct below.
 
Answer Stats
Year(s) Answer % Correct
1982,1984,1988 United Kingdom
100%
1981(2),1985,1987,1988 Canada
98%
1982(2),1984,1985 France
98%
1981,1982,1983,1986,1988 Mexico
96%
1988 Russia
96%
1984 China
94%
1982(2),1985(2),1987(2) Germany
94%
1985 Spain
94%
1982 Brazil
92%
1982,1987 Italy
92%
1983,1986 Japan
92%
1985 Portugal
88%
1984 Ireland
86%
1985,1988 Belgium
82%
1983 South Korea
80%
1985 Switzerland
78%
1982 Colombia
69%
1988 Finland
63%
1986 Iceland
61%
1986 Indonesia
49%
1982,1987 Vatican City
49%
1982 Costa Rica
45%
1982 Honduras
43%
1982 Jamaica
37%
1986 Grenada
29%
1982 Barbados
25%
No matching quizzes found
Score Distribution
Percent of People with Each Score
Percentile by Number Answered
Your Score History
You have not taken this quiz